Les archives / (Record no. 110072)

MARC details
000 -LEADER
campo de control de longitud fija 00943cam a2200325 a 4500
001 - NÚMERO DE CONTROL
campo de control 122959
005 - FECHA Y HORA DE LA ÚLTIMA TRANSACCIÓN
campo de control 20230411085948.0
008 - DATOS DE LONGITUD FIJA--INFORMACIÓN GENERAL
campo de control de longitud fija 110418s2011 fr b 000 0 fre d
020 ## - NÚMERO INTERNACIONAL ESTÁNDAR DEL LIBRO
Número Internacional Estándar del Libro 9782707167811 (br)
020 ## - NÚMERO INTERNACIONAL ESTÁNDAR DEL LIBRO
Número Internacional Estándar del Libro 2707167819 (br)
035 ## - NÚMERO DE CONTROL DEL SISTEMA
Número de control de sistema (CaOOAMICUS)000040374629
040 ## - FUENTE DE CATALOGACIÓN
Centro catalogador/agencia de origen CaQQLA
Lengua de catalogación fre
055 00 - NÚMEROS DE CLASIFICACIÓN ASIGNADOS EN CANADÁ
Número de clasificación H 61
Número de ítem R425
082 00 - NÚMERO DE LA CLASIFICACIÓN DECIMAL DEWEY
Número de clasificación 027
100 1# - ENTRADA PRINCIPAL--NOMBRE DE PERSONA
Nombre de persona Cœuré, Sophie.
130 1# - ENTRADA PRINCIPAL--TÍTULO UNIFORME
Título uniforme Collection Reperes
245 14 - MENCIÓN DEL TÍTULO
Título Les archives /
Mención de responsabilidad, etc. Sophie Cœuré, Vincent Duclert.
250 ## - MENCION DE EDICION
Mención de edición Nouvelle édition entièrement refondue et mise à jour.
260 ## - PUBLICACIÓN, DISTRIBUCIÓN, ETC.
Lugar de publicación, distribución, etc. Paris :
Nombre del editor, distribuidor, etc. la Découverte,
Fecha de publicación, distribución, etc. 2011.
300 ## - DESCRIPCIÓN FÍSICA
Extensión 126 p. ;
Dimensiones 19 cm.
490 1# - MENCIÓN DE SERIE
Mención de serie Collection Reperes;
Designación de volumen o secuencia n. 324.
Mención de serie Histoire
504 ## - NOTA DE BIBLIOGRAFÍA, ETC.
Nota de bibliografía, etc. Bibliogr.: p. [111]-122.
650 #6 - PUNTO DE ACCESO ADICIONAL DE MATERIA--TÉRMINO DE MATERIA
Término de materia o nombre geográfico como elemento de entrada Archivistique
Subdivisión geográfica France.
650 #0 - PUNTO DE ACCESO ADICIONAL DE MATERIA--TÉRMINO DE MATERIA
Término de materia o nombre geográfico como elemento de entrada Archives
Subdivisión geográfica France.
650 #4 - PUNTO DE ACCESO ADICIONAL DE MATERIA--TÉRMINO DE MATERIA
Término de materia o nombre geográfico como elemento de entrada Archivos
Subdivisión geográfica Francia.
700 1# - ENTRADA AGREGADA--NOMBRE PERSONAL
Nombre de persona Duclert, Vincent,
Fechas asociadas al nombre 1961-
830 #0 - PUNTO DE ACCESO ADICIONAL DE SERIE-TÍTULO UNIFORME
Título uniforme Reperes
942 ## - ELEMENTOS DE ENTRADA SECUNDARIOS (KOHA)
Fuente del sistema de clasificación o colocación Clasificación de Library of Congress
Tipo de ítem Koha
946 ## - PROCESAMIENTO DE INFORMACIÓN LOCAL (OCLC)
a JaaM
Holdings
Estatus retirado Estado de pérdida Fuente del sistema de clasificación o colocación Estado de daño No para préstamo Colección Biblioteca de origen Biblioteca actual Ubicación en estantería Fecha de adquisición Código de barras Visto por última vez Copia número Tipo de ítem Koha
    Clasificación de Library of Congress     Automatización y Procesos Técnicos Biblioteca Juan Bosch Biblioteca Juan Bosch Automatización y Procesos Técnicos (1er. Piso) 11/04/2023 00000116298 17/02/2019 1